[Event "Ceriano Laghetto Inverno op"]
[Site "Ceriano Laghetto"]
[Date "2007.01.23"]
[Round "3"]
[White "Milan, Raffaele"]
[Black "Nepi, Ezio"]
[Result "1-0"]
[WhiteElo "1592"]
[BlackElo "1850"]
[PlyCount "61"]
[EventDate "2007.01.09"]
[EventType "swiss"]
[EventRounds "6"]
[EventCountry "ITA"]
[SourceTitle "EXT 2008"]
[Source "ChessBase"]
[SourceDate "2007.11.25"]
[SourceVersion "1"]
[SourceVersionDate "2007.11.25"]
[SourceQuality "1"]

1. e4 e6 2. d3 d5 3. Nd2 c5 4. g3 Nc6 5. Bg2 d4 6. Ngf3 Bd6 7. Nc4 e5 8. 0-0 Nge7 9. Nh4 b5 10. Nxd6+ Qxd6 11. f4 Bb7 12. Qg4 g6 13. f5 Bc8 14. Qe2 Bd7 15. g4 0-0-0 16. Nf3 f6 17. Nd2 g5 18. a4 b4 19. Nc4 Qc7 20. a5 h5 21. gxh5 Rh6 22. Bh3 Rdh8 23. Bg4 Be8 24. Bxg5 fxg5 25. f6+ Bd7 26. fxe7 Bxg4 27. Rf8+ Nd8 28. exd8Q+ Qxd8 29. Qxg4+ Kc7 30. Rxd8 Kxd8 31. Qxg5+ 1-0